Statystyki dla Historyczne podróże z mapą

Kliknij tutaj aby rozwiązać quiz!

Ogólne statystyki

  • Ten quiz został rozwiązany 4 042 razy
  • Średni wynik to 4 z 12

Odpowiedzi na mapie

Odpowiedzi skodowane kolorowo w zielono-czerwonej skali na mapie do tego quizu, zgodnie z poniższymi procentami.
 

Statystyki odpowiedzi

#DataLider% Poprawnych
21492-1493Krzysztof Kolumb
97%
51519-1522Ferdynand Magellan/ Juan Sebastián Elcano
77%
41271-1295Marco Polo
45%
101768-1771James Cook
36%
6334-323 p.n.e.Aleksander Wielki
24%
7218 B.C.Hannibal Barca
20%
81206-1227Czyngis-chan
18%
121841-1873David Livingstone
9%
91610-1611Henry Hudson
9%
11c. 1000Leif Eriksson
9%
11804-1806Meriwether Lewis/ William Clark
6%
31927Charles Lindbergh
5%

Rozkład punktacji

Percentyl według liczby udzielonych odpowiedzi

Procent ludzi z każdym wynikiem

Twoja historia wyników

Nie rozwiązałeś tego quizu